000
00192 a2200097 4500
001
3627
100
_a
Ritchie, R.L.G
245
_a
Douze contes
260
_a
_b
Nelson
_c
090
_c
2891
_d
2891
942
_a
NUST-CAE
_c
M
_c
21013
999
_c
238700
_d
238700